000 00554nam a22001937a 4500
005 20250828123900.0
010 _aENG-146512
020 _c450.00
_a978-81-95094-29-5
035 _aEN-130044
037 _bDBAD
082 _aN
100 _aDAI LUMMER
_984420
245 _aHEART TO HEART/
_cLUMMER DAI
260 _bpurbanchal prakash
_aguwahati
_c2021
270 _ah.no.-2, sewjee path, dr. b.n. saikia path, wireless, guwahati-6
_bguwahati
300 _a176p.
_c22cm(hb)
700 _athongchi, yashe dorjee
_984421
942 _2ddc
_cEN
_hN
_mdai
999 _c213195
_d213195